000 00613nam a2200229Ia 4500
003 OSt
005 20220918203224.0
006 a|||||r|||| 00| 0
007 ta
008 220917b |||||||| |||| 00| 0 eng d
024 _a106,888
037 _cTextual
040 _aARTS
_cARTS
_beng
041 _2eng
_aeng
082 _aV3:3Q:J9, K7
100 _aMeyer Arnold Oskar
_9107432
245 0 _aEngland and the catholic church under Queen Elizabeth tr by J R Mckee
260 _c1967
650 _aHISTORY
942 _hV3:3Q:J9, K7
_cTEXL
_2CC
999 _c230246
_d230246